Enemies of Israel - Statistics

General Stats
  • This quiz has been taken 2,564 times
    35 since last reset
  • The average score is 13 of 17
Answer Stats
War(s) Enemies % Correct
1948, 1967, 1973, 1982, 2006, 2024 Lebanon (Inc. Hezbollah)
100%
2025, 2026 Iran
97%
1948, 1967, 1973 Iraq
97%
1948, 1967, 1973, 1982, 2024 Syria
97%
1948, 1956, 1967, 1970, 1973 Egypt
94%
1948, 1967, 1970 Jordan
91%
1948 Saudi Arabia
91%
1948 Yemen
82%
1967, 1973 Libya
79%
1967, 1973 Algeria
76%
1973 Morocco
76%
1967 Tunisia
76%
1967 Sudan
73%
1973 Kuwait
70%
1956, 1970, 1973 Soviet Union
58%
1973 North Korea
21%
1973 Cuba
18%
No matching quizzes found
Score Distribution
Percent of People with Each Score
Percentile by Number Answered
Your Score History
You have not taken this quiz since the last reset